000 00588nam a2200193Ia 4500
005 20250507130217.0
008 008 250505s9999 xx 000 0 eng d
037 _aSeries Article
040 _aEASL
_beng
_cEASL
041 _aeng
_2eng
084 _qEASL
100 _aHolmes Ros
_9668881
245 0 _aPillars of fat: The corporeal aesthetics of civilzation (wenming) in contemporary art
260 _aAustralia
_bCanberra Australian National University Australia
_c2014
300 _a121-138 Pp.
650 _aChina
942 _cSRA
999 _c1318346
_d1318346